000 00851nam a2200205 i 4500
001 49243
003 ES-MaACL
005 20250826055719.0
007 t|
008 030711s1861 sp ||||1| spa d
100 1 _aCortejarena y Aldebó, Francisco de,
_d1835-1919
_9145203
245 1 0 _aViaje científico
_b: de la enseñanza de la medicina en la facultad de Paris /
_cmemoria escrita por Francisco de Cortejarena y Aldevó.
260 _aMadrid :
_b[s.n.],
_c1861 (
_fImp. de Fortanet)
300 _a70 p. ;
_c27 cm.
530 _aDisponible también en sitio web.
650 7 _aMedicina-
_xEstudio y enseñanza-
_zFrancia
_2
_9163763
852 _aES-MaACL
_jT-462-F-12
856 _uhttp://bibliotecadigitalhispanica.bne.es:80/webclient/DeliveryManager?pid=1833583&custom_att_2=simple_viewer
_zIr a la página
999 _c49243
_d49243